| 000 | 00813 a2200229 4500 | ||
|---|---|---|---|
| 001 | 40967 | ||
| 005 | 20260407155703.0 | ||
| 008 | 260407a2010 arg spa d | ||
| 003 | AR-UNSa-BCEJYS | ||
| 040 |
_aAR-UNSa-BCEJYS _bspa _cAR-UNSa-BCEJYS |
||
| 080 |
_a(038.2)=111 _xDiccionario bilingüe español-inglés, inglés-español |
||
| 245 | 1 | 0 |
_aLongman diccionario pocket _pinglés-español - español-inglés para estudiantes latinoamericanos |
| 020 | _a978-1-4082-3234-7 | ||
| 250 | _a2a. ed. | ||
| 264 | 1 |
_aHarlow : _bPearson Education Limited _c2010 |
|
| 300 |
_axi, 818 p. _c18 cm. |
||
| 041 | _aspa | ||
| 942 | _cBK | ||
| 590 | _aniveau_biblio:m niveau_hierar:0 | ||
| 100 | 1 | _aDelacroix, Laurence | |
| 856 | 4 | 1 |
_uhttps://biblioeco.unsa.edu.ar/pmb/images/libros/D126320.jpg _yImagen de portada _qimage/jpeg |
| 999 |
_c3323 _d3323 |
||